00323 a2200121 450000100060000008200160000610000420002224500360006426000280010030000110012852000310013965000310017092440 a355.009 JAM aJamil Ahmed Khan SI former Ambassador aSipah gari say safarat kari tak aIslamabadb[n. p]c2015 a250 p. abiography-military officer amilitary officer biography